00522 2200205 4500001002100000005001500021035002000036007000300056008004100059020002200100082001100122084001700133100002800150245004900178250001000227260003500237300002500272990001000297990000900307INLIS00000000000030420170920081439 a0010-0917000290ta170920 f 0 ind  a978-602-6827-18-0 a297.41 a297.41 SUR i0 aSuryadiliga, M. Alfatih1 aIlmu Tasawuf /cM. Alfatih Suryadiliga., dkk acet.1 aYogyakarta :bKalimedia,c2016 a238hlm ;c14 x 20 cm a5420a a5420